| 000 | 00565nam a22001937a 4500 | ||
|---|---|---|---|
| 003 | OSt | ||
| 005 | 20240907100030.0 | ||
| 008 | 160721b xxu||||| |||| 00| 0 eng d | ||
| 020 | _a9780521189064 | ||
| 040 | _c0 | ||
| 082 | _a428.2 MUR 2012 | ||
| 100 |
_aRaymond Murphy _9125696 |
||
| 245 |
_aEnglish Grammar in Use _bA Self-Study reference and practice book for Intermediate learners of english _cRaymond Murphy |
||
| 250 | _a4th | ||
| 260 |
_aUK _bCambridge _c2012 |
||
| 300 |
_a380 p. _bPB |
||
| 440 |
_aEnglish Grammar in Use _9125697 |
||
| 942 |
_2ddc _cCSS |
||
| 999 |
_c351471 _d351471 |
||